Регионална библиотека "Любен Каравелов" - Русе

Хелис (Запис номер 7777)

MARC детайли
000 -Лидер
Контролно поле с фиксирана дължина nam a22 a 4500
003 - Код на организацията, давaща контролен номер
Контролно поле BLK
005 - Дата и час на последна редакция
Контролно поле 20230323133725.0
008 - Елементи от данни с фиксирана дължина
fixed length control field 180412b bul|||||r ||||||| ||bul||
010 ## - Наследен системен номер
LC control number KNG00009105000
020 ## - Международен стандартен номер на книга ISBN
Международен стандартен номер на книга ISBN 954-546-003-2
040 ## - Източник на каталожния запис
Идентификатор на билиотеката - собственик на записа BLK
041 ## - Код за език
Код за езика на текст/звукозапис или на отделно заглавие Български
Код за езика КДБФ Български
080 ## - УДК
Текстов определител УДК Паметници на културата на историческите периоди. Археологическите паметници. Старини
УДК код - определител по УДК 904
УДК определител (398)(063)
УДК - код + определител 904(398)(063)
100 1# - Редна дума - Автор
Автор Гергова, Диана Спасова
Авторска отговорност първи автор
R(LIN) 252882
139 ## - Редно поле
Редна дума Гергова, Диана Спасова
Авторски знак Гер - Г 38
245 10 - Сведения за заглавието
Заглавие Хелис
Подзаглавни данни Сб. материали от науч. среща по трак. археология в Исперих, 1992 г.] : Ч. 1 -
Редно поле (дума) Диана Спасова Гергова.
Том Ч. 3.Кн. 1
Заглавие на том Култура и религия в Североизточна Тракия
257 ## - Страна на издаване
Страна на създаване/издаване България
260 ## - Област на издателските данни
Място на издаване, разпространение и проч. София
Име на издателя, разпространителя и проч. Параф
Година на издаване 1992
Издателство - префикс ISBN 954-546-003-2
300 ## - Физическа характеристика
Размери/Мащаб 20 см
Страници 328 с.
Илюстрации и др. с ил.
380 ## - Жанр
Жанр История
500 ## - Общи забележки
Забележка Деп. списък: 40.- Изд. на БАН. Археол. инст. и музей, Ист. музей - Исперих ; Офс. изд. Геогр. руб.: Древна Тракия.
650 #4 - Допълнително описание по предмет – тема
Основно описание – тема или топоним Археологически паметници - Древна Тракия - конгреси, конференции, съвещания
9 (RLIN) 241735
760 1# - Описание на основната серия
Редна дума на основното описание Гергова, Диана Спасова
Място на издаване, издател и година 1994
Страници - том 328 с. : с ил. : с ил.
Забележка - том Текст и на англ., фр., нем. / Прев. Н. Г. Чакалова, Р. Иванова, Е. Борисова
Заглавие Ч. 3.Кн. 1 Култура и религия в Североизточна Тракия
852 ## - Местоположение
Форматна сигнатура Цб 170880
Фондова буква Хранилище
856 4# - Електронен адрес и достъп
Електронен формат pdf - файл
Път до файла /url/
Инструкция (цена за достъп) 0.00
Права за достъп disable
856 4# - Електронен адрес и достъп
Електронен формат pdf - файл
Път до файла /url/
Инструкция (цена за достъп) 0.00
Права за достъп disable
999 ## - СИСТЕМНИ КОНТРОЛНИ НОМЕРА
Koha biblionumber 7777
Koha biblioitemnumber 7777
942 ## - АРТИКУЛИ
Вид на библиотечния материал Книги
Скрит в OPAC Не
Koha issues (borrowed), all copies 1
Периодичен библиозапис Да
944 ## - СЪЗДАВАНЕ И РЕДАКЦИЯ на ЗАПИСА
Създаване/Редакция Създаване
Дата на регистрацията/редакция 15.01.2003
Служител, извършил регистрацията/редакцията AB_DOS
944 ## - СЪЗДАВАНЕ И РЕДАКЦИЯ на ЗАПИСА
Създаване/Редакция Редакция
Дата на регистрацията/редакция 14.02.2017
Служител, извършил регистрацията/редакцията Павлина_Енева
999 ## - СИСТЕМНИ КОНТРОЛНИ НОМЕРА
Koha biblioitemnumber 7777
Наличности
Код за отписване Код за изгубен артикул Източник на класификационната схема Код за повреда Коз за рестрикции Код за отдаване Артикулен № Име на библиотеката - собственик Име на библиотеката, в която се намира в момента Статус (Текущо местоположение) Местоположение - отдел Цена в лева Инвентарен номер Систематично азбучна сигнатура Баркод Номер на екземпляра Цена в евро Служебна бележка Служебен тип на артикула
  Не е изгубен Universal Decimal Classification Не е повреден без рестрикции ползва се в читалня 13421 Регионална библиотека "Любен Каравелов" Русе Регионална библиотека "Любен Каравелов" Русе Хранилище Хранилище 0.00 616798 Цб 170880 120000616798 1 0.00 N: стар фонд Дата: 01.01.1992 Книги
Vip Innovations Ltd, Rousse, Bulgaria 2025